[Event "zonal 1.6"]
[Site "Samara RUS"]
[Date "2000.06.22"]
[Round "6"]
[White "Kobalia, Mikhail"]
[Black "Sergienko, Sergei"]
[Result "1-0"]
[WhiteElo "2593"]
[BlackElo "2425"]
[EventDate "2000.06.03"]
[PlyCount "85"]

1.e4 d5 2.exd5 Nf6 3.c4 e6 4.dxe6 Bxe6 5.Nf3 Qe7 6.Qe2 Nc6 7.d4 Bg4 8.Be3 
O-O-O 9.d5 Qb4+ 10.Nc3 Ne5 11.h3 Nxf3+ 12.gxf3 Bf5 13.Bg2 Nd7 14.O-O Ne5 
15.Bxa7 Nd3 16.Be3 Qxc4 17.Rfd1 Ne5 18.f4 Qxe2 19.Nxe2 Nc4 20.Nd4 Bd7 21.
b3 Nd6 22.a4 Be7 23.Nf3 Bf6 24.Rac1 Kb8 25.Ne5 Rhe8 26.Nc4 Nxc4 27.bxc4 
Bxa4 28.Rd2 Rd6 29.Rb1 Ra6 30.c5 Bc3 31.Ra2 Bb5 32.Rxa6 Bxa6 33.c6 Kc8 34.
d6 bxc6 35.Bxc6 Rd8 36.Rb3 Bf6 37.d7+ Rxd7 38.Ba7 Rd1+ 39.Kh2 Kd8 40.Rb8+ 
Ke7 41.Bc5+ Ke6 42.Re8+ Kf5 43.Be4+ 1-0

[Event "zonal 1.6"]
[Site "Samara RUS"]
[Date "2000.06.22"]
[Round "6"]
[White "Ivanov, Sergei"]
[Black "Kosyrev, Vladimir"]
[Result "0-1"]
[WhiteElo "2543"]
[BlackElo "2474"]
[EventDate "2000.06.03"]
[PlyCount "100"]

1.d4 e6 2.c4 Nf6 3.Nc3 d5 4.Nf3 Bb4 5.Bg5 dxc4 6.e4 c5 7.Bxc4 cxd4 8.Nxd4 
Bxc3+ 9.bxc3 Qa5 10.Bb5+ Nbd7 11.Bxf6 Qxc3+ 12.Kf1 gxf6 13.h4 a6 14.Rh3 
Qb4 15.Be2 O-O 16.Rb1 Qd6 17.Qd2 Kh8 18.Qh6 Rg8 19.Rd1 Qf8 20.Qe3 Qe7 21.
h5 Ne5 22.Qf4 Bd7 23.Rb3 b5 24.Nf3 Bc6 25.Nxe5 fxe5 26.Qxe5+ f6 27.Qf4 e5 
28.Qh4 b4 29.Rxb4 Rg5 30.Rb6 Qc5 31.Rxa6 Rag8 32.g4 Qc2 33.Rxc6 Qxc6 34.f3
Ra8 35.Rd2 Qe6 36.Rc2 Rxa2 37.Bc4 Ra1+ 38.Kg2 Qb6 39.Qf2 Qb1 40.Bf1 Rg8 
41.Rb2 Qc1 42.Rc2 Qf4 43.Be2 Qg5 44.Qb6 Qh4 45.Bf1 Rxg4+ 46.fxg4 Qxg4+ 47.
Kf2 Qf4+ 48.Ke2 Qxf1+ 49.Kd2 Qe1+ 50.Kd3 Ra3+ 0-1

[Event "zonal 1.6"]
[Site "Samara RUS"]
[Date "2000.06.22"]
[Round "6"]
[White "Ulybin, Mikhail"]
[Black "Frolov, Denis"]
[Result "1-0"]
[WhiteElo "2580"]
[BlackElo "2428"]
[EventDate "2000.06.03"]
[PlyCount "47"]

1.e4 e5 2.Nf3 Nc6 3.Bb5 Nf6 4.O-O Bc5 5.Nxe5 Nxe5 6.d4 a6 7.Ba4 Nxe4 8.Qe2
Be7 9.Qxe4 Ng6 10.f4 O-O 11.f5 d5 12.Qd3 Nh4 13.g3 Nxf5 14.Rxf5 Bxf5 15.
Qxf5 c5 16.c3 Bf6 17.Be3 Qe7 18.Bf2 cxd4 19.cxd4 Qb4 20.Bc2 Rfe8 21.Qxh7+ 
Kf8 22.Nc3 Qxb2 23.Rb1 Qxc3 24.Rxb7 1-0

[Event "zonal 1.6"]
[Site "Samara RUS"]
[Date "2000.06.22"]
[Round "6"]
[White "Volzhin, Alexander"]
[Black "Khliyan, Eduard"]
[Result "1/2-1/2"]
[WhiteElo "2548"]
[BlackElo "2454"]
[EventDate "2000.06.03"]
[PlyCount "81"]

1.d4 Nf6 2.c4 e6 3.Nf3 b6 4.Nc3 Bb7 5.a3 Ne4 6.Nxe4 Bxe4 7.Nd2 Bb7 8.e4 g6
9.Bd3 Bg7 10.Nf3 c5 11.d5 exd5 12.cxd5 O-O 13.O-O Qc7 14.Re1 d6 15.Rb1 Nd7
16.Bd2 Ne5 17.Bc3 Nxd3 18.Qxd3 f6 19.Nd2 a5 20.a4 Ba6 21.Qc2 b5 22.axb5 
Bxb5 23.f4 a4 24.Nf3 Qb7 25.b4 axb3 26.Qxb3 Rab8 27.e5 fxe5 28.fxe5 c4 29.
Qc2 Qxd5 30.Rbd1 Qc5+ 31.Bd4 Qc6 32.exd6 Ba4 33.Qc3 Rb3 34.Qa1 Rbxf3 35.
gxf3 Bxd1 36.Bxg7 Qc5+ 37.Qd4 Qxd4+ 38.Bxd4 Bxf3 39.Re7 Rd8 40.Be5 Bg4 41.
Rg7+ 1/2-1/2

[Event "zonal 1.6"]
[Site "Samara RUS"]
[Date "2000.06.22"]
[Round "6"]
[White "Maliutin, Evgeny"]
[Black "Balashov, Yury"]
[Result "1-0"]
[WhiteElo "2451"]
[BlackElo "2534"]
[EventDate "2000.06.03"]
[PlyCount "65"]

1.e4 e5 2.Nf3 Nc6 3.d4 exd4 4.Nxd4 Bc5 5.Nxc6 Qf6 6.Qd2 dxc6 7.Qf4 Ne7 8.
Qxf6 gxf6 9.Bf4 Bd6 10.Bg3 Be6 11.Nd2 h5 12.Nc4 Bxc4 13.Bxc4 h4 14.Bxd6 
cxd6 15.Rd1 Rd8 16.O-O f5 17.exf5 Nxf5 18.g4 Ne7 19.Kg2 d5 20.Bd3 Rd6 21.
Rde1 c5 22.b3 Kf8 23.Kh3 Nc6 24.a4 Nb4 25.Bf5 d4 26.g5 d3 27.cxd3 Nxd3 28.
Re3 Nf4+ 29.Kg4 Ng6 30.Bxg6 Rxg6 31.Rd1 Kg7 32.Rd7 Rb6 33.Ree7 1-0

[Event "zonal 1.6"]
[Site "Samara RUS"]
[Date "2000.06.22"]
[Round "6"]
[White "Riazantsev, Alexander"]
[Black "Totsky, Leonid"]
[Result "1/2-1/2"]
[WhiteElo "2442"]
[BlackElo "2524"]
[EventDate "2000.06.03"]
[PlyCount "57"]

1.d4 e6 2.c4 Bb4+ 3.Bd2 a5 4.g3 d6 5.Bg2 e5 6.dxe5 dxe5 7.Nc3 Nc6 8.Bxc6+ 
bxc6 9.Qa4 Ne7 10.Rd1 O-O 11.Nf3 f6 12.a3 Bxc3 13.Bxc3 Qe8 14.O-O Bg4 15.
Rd2 Qh5 16.Re1 Rfe8 17.Nh4 Be6 18.Ng2 Reb8 19.Ne3 Qe8 20.Qc2 Qg6 21.Qa4 
Qe8 22.Red1 c5 23.Qxe8+ Rxe8 24.f4 exf4 25.gxf4 a4 26.Kf2 Kf7 27.Kf3 c6 
28.Rd6 Nf5 29.Nxf5 1/2-1/2

[Event "zonal 1.6"]
[Site "Samara RUS"]
[Date "2000.06.22"]
[Round "6"]
[White "Tolstikh, Nikolai"]
[Black "Lastin, Alexander"]
[Result "0-1"]
[WhiteElo "2419"]
[BlackElo "2510"]
[EventDate "2000.06.03"]
[PlyCount "118"]

1.c4 c6 2.Nf3 d5 3.d4 Nf6 4.Nc3 e6 5.e3 Nbd7 6.Qc2 Bd6 7.e4 dxe4 8.Nxe4 
Nxe4 9.Qxe4 c5 10.Bd3 cxd4 11.Qxd4 Ne5 12.Bd2 Qc7 13.Bc3 Nxf3+ 14.gxf3 e5 
15.Qh4 Be6 16.Rg1 Be7 17.Qe4 Bf6 18.f4 exf4 19.Bxf6 gxf6 20.O-O-O O-O-O 
21.Be2 f5 22.Qf3 Bxc4 23.Kb1 Kb8 24.Rxd8+ Rxd8 25.Rd1 Re8 26.Bd3 a6 27.b3 
Be6 28.Bc2 Rc8 29.Rd2 Ka8 30.Qd3 Rg8 31.Bd1 Rg1 32.Kb2 Rh1 33.h3 Qe5+ 34.
Kc2 Qe4 35.Kc1 f3 36.Qc3 Qc6 37.Kb2 Qxc3+ 38.Kxc3 Rxh3 39.Rd3 Kb8 40.Bxf3 
Rh2 41.Rd2 Rh3 42.Rd3 Rh2 43.Rd2 Rh4 44.Rd3 a5 45.Kd2 Kc7 46.Bd1 b5 47.
Rc3+ Kb6 48.Bf3 Rd4+ 49.Ke3 Rd6 50.Rc1 b4 51.Rc2 a4 52.Be2 axb3 53.axb3 
Rc6 54.Ra2 Rc3+ 55.Kd4 Rxb3 56.Ra6+ Kb7 57.Kc5 Rb2 58.Rb6+ Kc7 59.Bd3 b3 
0-1

[Event "zonal 1.6"]
[Site "Samara RUS"]
[Date "2000.06.22"]
[Round "6"]
[White "Lugovoi, Alexei"]
[Black "Varavin, Viktor"]
[Result "1-0"]
[WhiteElo "2515"]
[BlackElo "2410"]
[EventDate "2000.06.03"]
[PlyCount "65"]

1.d4 Nf6 2.c4 d6 3.Nf3 Nc6 4.Nc3 e5 5.d5 Ne7 6.e4 g6 7.c5 Bg7 8.Qa4+ Bd7 
9.Qb4 Qb8 10.Be2 O-O 11.O-O a5 12.Qa3 b5 13.cxb6 Qxb6 14.Nxe5 Qb4 15.Nxd7 
Nxd7 16.Qxb4 axb4 17.Nb5 c6 18.Nxd6 cxd5 19.exd5 Ra5 20.Nc4 Rxd5 21.Bd2 
Re8 22.Rad1 Nf5 23.Bxb4 Nd4 24.Bd3 Nc6 25.Ba3 Nde5 26.Nxe5 Nxe5 27.Be2 
Red8 28.Rxd5 Rxd5 29.Rc1 h5 30.Rc8+ Kh7 31.Rc2 f5 32.Bb4 Bh6 33.a4 1-0

[Event "zonal 1.6"]
[Site "Samara RUS"]
[Date "2000.06.22"]
[Round "6"]
[White "Kornev, Alexei"]
[Black "Galliamova-Ivanchuk, Alisa"]
[Result "1/2-1/2"]
[WhiteElo "2384"]
[BlackElo "2515"]
[EventDate "2000.06.03"]
[PlyCount "104"]

1.f4 d5 2.Nf3 g6 3.g3 Bg7 4.Bg2 c5 5.O-O Nc6 6.d3 Nf6 7.Nc3 d4 8.Na4 Qc7 
9.Nxc5 Nb4 10.a3 Qxc5 11.axb4 Qxb4 12.Qd2 Qd6 13.Ra4 Nd7 14.b3 Nb6 15.Ba3 
Qd8 16.Rb4 a5 17.Rb5 Nd5 18.Bb2 Ne3 19.Ra1 Nxg2 20.Kxg2 b6 21.c4 Be6 22.
Qc1 O-O 23.Qg1 Bd7 24.Rd5 e6 25.Rxd4 Bxd4 26.Qxd4 f6 27.e4 Bc6 28.Qc3 Ra7 
29.Re1 Qa8 30.g4 Qb8 31.g5 Qxf4 32.gxf6 Raf7 33.Qc1 Qg4+ 34.Kf2 Rxf6 35.
Bxf6 Rxf6 36.Qe3 e5 37.Rg1 Qh5 38.Rg3 Qxh2+ 39.Rg2 Qh5 40.Rg3 Qh2+ 41.Rg2 
Qh5 42.Rg3 Bd7 43.Kg2 Kg7 44.c5 b5 45.Qd2 Bg4 46.Nh2 Bd7 47.Nf3 Bg4 48.Nh2
Be2 49.c6 h6 50.d4 Rxc6 51.dxe5 Rc7 52.Qd6 Rc2 1/2-1/2

[Event "zonal 1.6"]
[Site "Samara RUS"]
[Date "2000.06.22"]
[Round "6"]
[White "Bocharov, Dmitry"]
[Black "Alavkin, Arseny"]
[Result "0-1"]
[WhiteElo "2475"]
[BlackElo "2397"]
[EventDate "2000.06.03"]
[PlyCount "82"]

1.d4 d5 2.c4 c6 3.Nf3 Nf6 4.Nc3 a6 5.Bg5 Ne4 6.h4 Bf5 7.Qb3 b5 8.cxd5 Nxc3
9.bxc3 Qxd5 10.e3 h6 11.Bf4 e6 12.Be2 Be7 13.Ne5 Nd7 14.Bf3 Be4 15.Nxd7 
Kxd7 16.c4 Qf5 17.Bxe4 Qxe4 18.f3 Qg6 19.O-O Rhd8 20.cxb5 axb5 21.Rfc1 Ra3
22.Qb2 Qd3 23.Rc2 Rda8 24.Rac1 Rxa2 25.Qxa2 Rxa2 26.Rxa2 Ba3 27.Re1 b4 28.
Bg3 Ke7 29.Bf2 e5 30.Bg3 f6 31.Raa1 Ke6 32.Rad1 Qc2 33.dxe5 fxe5 34.Rd8 b3
35.Re8+ Kf7 36.Rb8 Bd6 37.Rb7+ Ke6 38.f4 b2 39.Rf1 Bc5 40.f5+ Kf6 41.Bf2 
h5 0-1

[Event "zonal 1.6"]
[Site "Samara RUS"]
[Date "2000.06.22"]
[Round "6"]
[White "Belitsky, Alexander"]
[Black "Grechikhin, Valery"]
[Result "1/2-1/2"]
[WhiteElo "2306"]
[BlackElo "2521"]
[EventDate "2000.06.03"]
[PlyCount "134"]

1.d4 Nf6 2.c4 g6 3.Nc3 d5 4.Nf3 Bg7 5.Bg5 Ne4 6.cxd5 Nxg5 7.Nxg5 e6 8.Qd2 
exd5 9.Qe3+ Kf8 10.Qf4 Bf6 11.h4 h6 12.Nf3 Kg7 13.e3 c6 14.Bd3 Nd7 15.h5 
g5 16.Qg3 Re8 17.Nh4 Nf8 18.O-O-O Be6 19.Nf5+ Bxf5 20.Bxf5 Qb8 21.Qg4 b5 
22.Rh3 a5 23.Rf3 a4 24.Kb1 Be7 25.Rc1 Bd6 26.Bd7 b4 27.Nd1 Nxd7 28.Qxd7 
Re7 29.Qxc6 Ra5 30.Qc8 Qxc8 31.Rxc8 Rc7 32.Rxc7 Bxc7 33.Rf5 f6 34.f3 Kf7 
35.Nf2 Ke6 36.g4 Ra8 37.Nd3 Bd6 38.e4 dxe4 39.fxe4 Rc8 40.Ra5 Rc4 41.d5+ 
Kd7 42.Ra7+ Ke8 43.Rxa4 Rxe4 44.Ra8+ Kf7 45.Ra7+ Ke8 46.Rh7 Bf8 47.d6 Rd4 
48.Kc2 Rxd6 49.Nxb4 Rd4 50.a3 Bxb4 51.axb4 Rxb4 52.Rxh6 Kf7 53.Rh7+ Kg8 
54.Rc7 Rxg4 55.h6 Rh4 56.h7+ Kh8 57.Kd3 f5 58.Rf7 Rf4 59.Ke3 Re4+ 60.Kf3 
Re5 61.b4 Rb5 62.Kg3 Re5 63.Kf3 Rd5 64.Ke3 Rb5 65.Kf3 Rxb4 66.Rxf5 Rf4+ 
67.Rxf4 gxf4 1/2-1/2

[Event "zonal 1.6"]
[Site "Samara RUS"]
[Date "2000.06.22"]
[Round "6"]
[White "Yashtylov, Anatoly"]
[Black "Shaposhnikov, Evgeny"]
[Result "0-1"]
[WhiteElo "2319"]
[BlackElo "2503"]
[EventDate "2000.06.03"]
[PlyCount "52"]

1.d4 Nf6 2.c4 e6 3.Nc3 Bb4 4.e3 c5 5.Bd3 Nc6 6.Ne2 cxd4 7.exd4 d5 8.cxd5 
Nxd5 9.O-O O-O 10.a3 Bd6 11.Ne4 Be7 12.Bc2 Qc7 13.Qd3 Rd8 14.Rd1 b6 15.
N4c3 g6 16.Bb3 Nxc3 17.Qxc3 Ba6 18.Nf4 Bf6 19.Bxe6 Nxd4 20.Rxd4 Rxd4 21.
Qf3 Bb7 22.Nd5 Bxd5 23.Bxd5 Rd8 24.g3 R8xd5 25.Qxf6 Rd1+ 26.Kg2 Rxc1 0-1

[Event "zonal 1.6"]
[Site "Samara RUS"]
[Date "2000.06.22"]
[Round "6"]
[White "Sultanov, Alexander"]
[Black "Sapunov, Evgeny"]
[Result "1/2-1/2"]
[WhiteElo "2294"]
[BlackElo "2498"]
[EventDate "2000.06.03"]
[PlyCount "98"]

1.d4 Nf6 2.c4 g6 3.Nc3 Bg7 4.e4 d6 5.Be2 O-O 6.Bg5 Na6 7.Qd2 e5 8.d5 c6 9.
f3 cxd5 10.cxd5 Bd7 11.Bb5 Bxb5 12.Nxb5 Nc5 13.b4 Na4 14.Ne2 a6 15.Nbc3 
Nb6 16.O-O Nc4 17.Qd3 b5 18.Bh4 Qb6+ 19.Bf2 Qb7 20.a4 Nh5 21.g3 Bh6 22.Ra2
Rab8 23.axb5 axb5 24.Rfa1 f5 25.Kg2 Qc8 26.Ng1 Nf6 27.h3 fxe4 28.fxe4 Rb7 
29.Nf3 Nh5 30.Nd1 Rbf7 31.Nh2 Nf6 32.Nf1 Bg5 33.Ra7 h5 34.Rxf7 Rxf7 35.Be3
Bxe3 36.Nfxe3 Nxe3+ 37.Nxe3 Rc7 38.Ra3 Rc1 39.Qxb5 Rc2+ 40.Nxc2 Qxc2+ 41.
Kf3 Qxe4+ 42.Kf2 Qd4+ 43.Ke1 Kg7 44.Qd3 Qxb4+ 45.Kf1 Qc5 46.Rc3 Qa5 47.Ra3
Qc5 48.Rc3 Qa5 49.Ra3 Qc5 1/2-1/2

[Event "zonal 1.6"]
[Site "Samara RUS"]
[Date "2000.06.22"]
[Round "6"]
[White "Utnasunov, Alexander"]
[Black "Ionov, Sergei"]
[Result "1/2-1/2"]
[WhiteElo "2175"]
[BlackElo "2558"]
[EventDate "2000.06.03"]
[PlyCount "56"]

1.d4 Nf6 2.c4 e6 3.Nc3 Bb4 4.f3 d5 5.a3 Bxc3+ 6.bxc3 c5 7.cxd5 Nxd5 8.dxc5
Qa5 9.e4 Nf6 10.Be3 O-O 11.Qb3 Nfd7 12.Nh3 Qc7 13.Qb5 b6 14.Rd1 Nxc5 15.
Bxc5 bxc5 16.Qa4 Nd7 17.Be2 Rb8 18.Nf2 Rb2 19.Nd3 Nb6 20.Qa5 Rc2 21.Rc1 
Rxc1+ 22.Nxc1 c4 23.O-O Bd7 24.Na2 Ba4 25.Nb4 Rd8 26.f4 h6 27.f5 exf5 28.
Qxf5 Qd7 1/2-1/2

[Event "zonal 1.6"]
[Site "Samara RUS"]
[Date "2000.06.23"]
[Round "7"]
[White "Dolmatov, Sergei"]
[Black "Dvoirys, Semen"]
[Result "1/2-1/2"]
[WhiteElo "2615"]
[BlackElo "2591"]
[EventDate "2000.06.03"]
[PlyCount "45"]

1.e4 c5 2.Nf3 d6 3.d4 cxd4 4.Nxd4 Nf6 5.Nc3 a6 6.Be2 e5 7.Nb3 Be7 8.Be3 
Be6 9.Nd5 Nbd7 10.Qd3 Bxd5 11.exd5 O-O 12.g4 e4 13.Qd2 Ne5 14.Rg1 Rc8 15.
g5 Nfd7 16.O-O-O Nb6 17.Qd4 Nbc4 18.Qxe4 f5 19.gxf6 Bxf6 20.Bd4 Bg5+ 21.
Kb1 Rf4 22.Qg2 Bf6 23.Qg3 1/2-1/2

[Event "zonal 1.6"]
[Site "Samara RUS"]
[Date "2000.06.23"]
[Round "7"]
[White "Balashov, Yury"]
[Black "Zviagintsev, Vadim"]
[Result "1/2-1/2"]
[WhiteElo "2534"]
[BlackElo "2641"]
[EventDate "2000.06.03"]
[PlyCount "62"]

1.e4 c5 2.Nc3 e6 3.Nf3 d6 4.d4 cxd4 5.Nxd4 Nc6 6.Be3 Nf6 7.f3 Be7 8.Qd2 
O-O 9.O-O-O a6 10.g4 Nd7 11.h4 Nde5 12.Be2 Na5 13.b3 b5 14.f4 Nec6 15.g5 
Nxd4 16.Bxd4 Nc6 17.Be3 Qa5 18.Kb1 Bb7 19.Bf3 Nb4 20.Kb2 Rac8 21.a3 d5 22.
Ra1 d4 23.Bxd4 Nc6 24.Be3 Rfd8 25.Qe1 Qc7 26.Rd1 b4 27.Rxd8+ Qxd8 28.axb4 
Bxb4 29.Bd2 Nd4 30.Bd1 Nb5 31.Rh3 Nd6 1/2-1/2

[Event "zonal 1.6"]
[Site "Samara RUS"]
[Date "2000.06.23"]
[Round "7"]
[White "Shariazdanov, Andrei"]
[Black "Ikonnikov, Viacheslav"]
[Result "1/2-1/2"]
[WhiteElo "2612"]
[BlackElo "2550"]
[EventDate "2000.06.03"]
[PlyCount "74"]

1.d4 Nf6 2.c4 e6 3.Nc3 Bb4 4.Qc2 d6 5.Bg5 Nbd7 6.e3 b6 7.Bd3 Bb7 8.f3 c5 
9.Ne2 Qc7 10.O-O Bxc3 11.Nxc3 a6 12.d5 exd5 13.Nxd5 Nxd5 14.cxd5 h6 15.Bh4
Bxd5 16.Be4 Bc6 17.Rad1 O-O 18.Be7 Rfe8 19.Bxd6 Qb7 20.Bxc6 Qxc6 21.e4 b5 
22.Rf2 Rac8 23.Rfd2 c4 24.Rd5 Nb6 25.Rc5 Qb7 26.Rxc8 Rxc8 27.Bb4 Nd7 28.
Qc3 Nc5 29.Bxc5 Rxc5 30.Rd8+ Kh7 31.Qd4 Rc8 32.Rd7 Rc7 33.Rd6 b4 34.Rb6 
Qa7 35.Rd6 Qb7 36.Rb6 Qa7 37.Rd6 Qb7 1/2-1/2

[Event "zonal 1.6"]
[Site "Samara RUS"]
[Date "2000.06.23"]
[Round "7"]
[White "Ibragimov, Ildar"]
[Black "Totsky, Leonid"]
[Result "1-0"]
[WhiteElo "2610"]
[BlackElo "2520"]
[EventDate "2000.06.03"]
[PlyCount "119"]

1.d4 e6 2.c4 d5 3.Nf3 c5 4.cxd5 exd5 5.g3 Nc6 6.Bg2 Nf6 7.O-O Be7 8.Be3 c4
9.Ne5 O-O 10.b3 cxb3 11.Qxb3 Na5 12.Qa4 Be6 13.Bd2 Nc4 14.Nxc4 dxc4 15.e3 
Nd5 16.Nc3 a6 17.Nxd5 Bxd5 18.Ba5 Qd6 19.Bb4 Qxb4 20.Qxb4 Bxb4 21.Bxd5 c3 
22.Bxb7 Ra7 23.Be4 Ba3 24.Rab1 Bb2 25.Bc2 Rb7 26.Rfd1 Rfb8 27.Rd3 Kf8 28.
f4 Ke7 29.Kf2 f5 30.Kf3 g6 31.g4 Kf6 32.h4 Rc7 33.Rdd1 Re8 34.Rg1 Rce7 35.
Rbe1 Bc1 36.g5+ Kg7 37.Rxc1 Rxe3+ 38.Kf2 Re2+ 39.Kf1 Rh2 40.Bb3 Ree2 41.
Rg3 c2 42.Kg1 Rd2 43.d5 Rhe2 44.Kf1 Rf2+ 45.Kg1 Rfe2 46.Bxc2 Rxc2 47.Rxc2 
Rxc2 48.Rd3 Kf7 49.d6 Ke8 50.Re3+ Kd7 51.Re7+ Kxd6 52.Rxh7 Rxa2 53.Rg7 Ra4
54.Rxg6+ Ke7 55.h5 Rxf4 56.h6 Rh4 57.Rxa6 Rg4+ 58.Kf2 Rxg5 59.h7 Rh5 60.
Ra8 1-0

[Event "zonal 1.6"]
[Site "Samara RUS"]
[Date "2000.06.23"]
[Round "7"]
[White "Sapunov, Evgeny"]
[Black "Tregubov, Pavel"]
[Result "1/2-1/2"]
[WhiteElo "2498"]
[BlackElo "2615"]
[EventDate "2000.06.03"]
[PlyCount "80"]

1.e4 c5 2.Nf3 e6 3.d3 Nc6 4.g3 Nge7 5.Bg2 g6 6.O-O Bg7 7.Re1 d6 8.c3 O-O 
9.a3 e5 10.Nbd2 h6 11.b4 Be6 12.Rb1 Qc7 13.b5 Na5 14.c4 f5 15.exf5 gxf5 
16.Nh4 Rad8 17.Qe2 Rde8 18.f4 Bf7 19.fxe5 dxe5 20.Bb2 Qd7 21.Bh3 Rd8 22.
Bxe5 Bxe5 23.Qxe5 Ng6 24.Nxg6 Bxg6 25.Ne4 Qd4+ 26.Qxd4 cxd4 27.Nc5 f4 28.
gxf4 b6 29.Ne6 Bxd3 30.Rbd1 Bxc4 31.Nxd8 Rxd8 32.Be6+ Bxe6 33.Rxe6 d3 34.
Re3 d2 35.Rc3 Rd4 36.Kf2 Nc4 37.Rb3 Rxf4+ 38.Ke2 Rd4 39.Kf2 Rf4+ 40.Rf3 
Rd4 1/2-1/2

[Event "zonal 1.6"]
[Site "Samara RUS"]
[Date "2000.06.23"]
[Round "7"]
[White "Aseev, Konstantin"]
[Black "Ulybin, Mikhail"]
[Result "1-0"]
[WhiteElo "2517"]
[BlackElo "2580"]
[EventDate "2000.06.03"]
[PlyCount "91"]

1.d4 d5 2.c4 c6 3.Nf3 Nf6 4.Nc3 dxc4 5.a4 Bg4 6.Ne5 Bh5 7.f3 e6 8.g4 Nfd7 
9.Nxd7 Qh4+ 10.Kd2 Nxd7 11.gxh5 Nc5 12.Kc2 Nb3 13.Kb1 O-O-O 14.e3 e5 15.
Bxc4 Nxa1 16.Bxf7 Qf6 17.Ba2 exd4 18.exd4 Bc5 19.Ne4 Qf5 20.Qd3 Qxh5 21.d5
Bb4 22.Kxa1 Kb8 23.Ng3 Qf7 24.Qe4 Qe7 25.dxc6 Qxe4 26.Nxe4 bxc6 27.Bf4+ 
Kb7 28.Be5 Rhf8 29.Ng5 Rd2 30.Bxg7 Rf5 31.h4 Be7 32.Re1 Bxg5 33.hxg5 Rxg5 
34.Bc3 Rdg2 35.Re7+ Kb6 36.Bb1 c5 37.Be4 a5 38.Rb7+ Ka6 39.Rxh7 Rg1+ 40.
Ka2 c4 41.Rc7 Kb6 42.Rc6+ Ka7 43.Rxc4 Rd1 44.Rc7+ Kb8 45.Rb7+ Kc8 46.Rb5 
1-0

[Event "zonal 1.6"]
[Site "Samara RUS"]
[Date "2000.06.23"]
[Round "7"]
[White "Iliushin, Alexei"]
[Black "Rustemov, Alexander"]
[Result "1/2-1/2"]
[WhiteElo "2515"]
[BlackElo "2553"]
[EventDate "2000.06.03"]
[PlyCount "23"]

1.d4 g6 2.c4 Bg7 3.Nf3 f5 4.g3 Nf6 5.Bg2 O-O 6.O-O d6 7.Nc3 Nc6 8.d5 Na5 
9.Qd3 e5 10.dxe6 Bxe6 11.b3 Nc6 12.Rb1 1/2-1/2

[Event "zonal 1.6"]
[Site "Samara RUS"]
[Date "2000.06.23"]
[Round "7"]
[White "Bezgodov, Alexei"]
[Black "Zakharevich, Igor"]
[Result "1/2-1/2"]
[WhiteElo "2576"]
[BlackElo "2486"]
[EventDate "2000.06.03"]
[PlyCount "54"]

1.e4 e6 2.d4 d5 3.Nc3 dxe4 4.Nxe4 Nd7 5.Nf3 Ngf6 6.Nxf6+ Nxf6 7.Ne5 Nd7 8.
Bf4 c5 9.Qf3 cxd4 10.O-O-O Nxe5 11.Bxe5 Qg5+ 12.Bf4 Qa5 13.Bc4 Be7 14.Rxd4
O-O 15.Rhd1 Bf6 16.R4d3 b5 17.Bb3 Ba6 18.Rd7 b4 19.R1d6 Rad8 20.Rxa7 Rxd6 
21.Bxd6 Qb5 22.Qd3 Qg5+ 23.f4 Qxg2 24.Rxa6 Qg1+ 25.Qd1 Bxb2+ 26.Kd2 Bc3+ 
27.Kc1 Bb2+ 1/2-1/2

[Event "zonal 1.6"]
[Site "Samara RUS"]
[Date "2000.06.23"]
[Round "7"]
[White "Scherbakov, Ruslan"]
[Black "Yevseev, Denis"]
[Result "1-0"]
[WhiteElo "2552"]
[BlackElo "2496"]
[EventDate "2000.06.03"]
[PlyCount "63"]

1.d4 Nf6 2.c4 e6 3.Nc3 Bb4 4.e3 c5 5.Ne2 cxd4 6.exd4 O-O 7.c5 d6 8.a3 Ba5 
9.b4 Bc7 10.Bf4 dxc5 11.dxc5 Nc6 12.Qxd8 Bxd8 13.Bd6 Be7 14.Rd1 Bxd6 15.
Rxd6 Ne5 16.Nd4 Bd7 17.f4 Ng6 18.g3 e5 19.fxe5 Nxe5 20.Bg2 Nc4 21.Rxf6 
gxf6 22.Bxb7 Rae8+ 23.Kf2 Ne5 24.Kg2 h5 25.c6 Bc8 26.Bxc8 Rxc8 27.Nd5 Rcd8
28.Ne7+ Kh7 29.Ndf5 Rd5 30.Rc1 Ng4 31.Rc5 Rxc5 32.bxc5 1-0

[Event "zonal 1.6"]
[Site "Samara RUS"]
[Date "2000.06.23"]
[Round "7"]
[White "Rashkovsky, Nukhim"]
[Black "Lugovoi, Alexei"]
[Result "1/2-1/2"]
[WhiteElo "2523"]
[BlackElo "2515"]
[EventDate "2000.06.03"]
[PlyCount "25"]

1.d4 Nf6 2.Nf3 g6 3.c4 Bg7 4.Nc3 O-O 5.e4 d6 6.Be2 e5 7.O-O Nc6 8.d5 Ne7 
9.b4 Nh5 10.Re1 a5 11.Ba3 f5 12.c5 Nf4 13.b5 1/2-1/2

[Event "zonal 1.6"]
[Site "Samara RUS"]
[Date "2000.06.23"]
[Round "7"]
[White "Poluliakhov, Alexander"]
[Black "Loginov, Valery"]
[Result "1/2-1/2"]
[WhiteElo "2526"]
[BlackElo "2512"]
[EventDate "2000.06.03"]
[PlyCount "83"]

1.d4 Nf6 2.c4 g6 3.Nc3 Bg7 4.e4 d6 5.h3 O-O 6.Bg5 Nbd7 7.Nf3 e5 8.d5 h6 9.
Be3 Nc5 10.Nd2 a5 11.g4 c6 12.Be2 Bd7 13.h4 Nh7 14.Nb3 cxd5 15.Nxc5 d4 16.
Nxd7 Qxd7 17.Bxh6 dxc3 18.Bxg7 cxb2 19.Bxe5 dxe5 20.Rb1 Qe7 21.Rxb2 Rfd8 
22.Qb3 Rd7 23.Qg3 Rd4 24.O-O Nf6 25.Rb5 Re8 26.Rxa5 Nxe4 27.Qe3 Nd6 28.Rc1
Qxh4 29.Rxe5 Rxe5 30.Qxe5 Re4 31.Qxd6 Rxe2 32.Qb8+ Kg7 33.Qf4 Rxa2 34.Rb1 
Re2 35.Kg2 Qe7 36.Qd4+ Kg8 37.Rh1 Qe4+ 38.Qxe4 Rxe4 39.Rb1 Rxg4+ 40.Kf3 
Rxc4 41.Rxb7 Kg7 42.Kg3 1/2-1/2

[Event "zonal 1.6"]
[Site "Samara RUS"]
[Date "2000.06.23"]
[Round "7"]
[White "Yakovich, Yury"]
[Black "Yakovenko, Dmitry"]
[Result "0-1"]
[WhiteElo "2580"]
[BlackElo "2443"]
[EventDate "2000.06.03"]
[PlyCount "66"]

1.d4 Nf6 2.c4 e6 3.Nc3 Bb4 4.e3 b6 5.Ne2 c5 6.a3 Ba5 7.Rb1 Qe7 8.Bd2 Na6 
9.Ng3 O-O 10.d5 d6 11.Bd3 Bxc3 12.Bxc3 exd5 13.cxd5 Nc7 14.Bxf6 Qxf6 15.
O-O b5 16.e4 Bd7 17.Kh1 c4 18.Bc2 a5 19.Qd2 Rfb8 20.f4 b4 21.e5 Qh6 22.Qf2
a4 23.axb4 Rxb4 24.Bf5 Be8 25.Be4 g6 26.exd6 Nb5 27.Qc5 Rb3 28.Ne2 Qg7 29.
Nc3 Nxc3 30.bxc3 Qxc3 31.Qc7 Rxb1 32.Bxb1 Qa5 33.Re1 Qxe1# 0-1

[Event "zonal 1.6"]
[Site "Samara RUS"]
[Date "2000.06.23"]
[Round "7"]
[White "Smirnov, Pavel"]
[Black "Kobalia, Mikhail"]
[Result "1/2-1/2"]
[WhiteElo "2426"]
[BlackElo "2593"]
[EventDate "2000.06.03"]
[PlyCount "89"]

1.e4 c5 2.c3 d5 3.exd5 Qxd5 4.d4 e6 5.Nf3 Nf6 6.Be2 cxd4 7.cxd4 Nc6 8.O-O 
Be7 9.Nc3 Qd6 10.Nb5 Qd8 11.Bf4 Nd5 12.Bg3 a6 13.Nc3 O-O 14.Rc1 Nxc3 15.
bxc3 Bf6 16.a4 Bd7 17.c4 Rc8 18.c5 Nb4 19.Bd6 Be7 20.Bxe7 Qxe7 21.Ne5 Nc6 
22.Nc4 Qf6 23.Nd6 Nxd4 24.Nxc8 Bxa4 25.Ne7+ Kh8 26.Qd3 Nxe2+ 27.Qxe2 Qxe7 
28.Qe5 f6 29.Qd6 Qf7 30.Rfe1 Re8 31.Rc3 Bc6 32.f4 Bd5 33.Rd3 f5 34.g4 Be4 
35.Qd7 Qxd7 36.Rxd7 Bc6 37.Rd6 fxg4 38.f5 e5 39.Re6 Rd8 40.R1xe5 a5 41.Re7
a4 42.f6 gxf6 43.Rh5 Kg8 44.Rhxh7 Ra8 45.Rhg7+ 1/2-1/2

[Event "zonal 1.6"]
[Site "Samara RUS"]
[Date "2000.06.23"]
[Round "7"]
[White "Sveshnikov, Evgeny"]
[Black "Meister, Yakov"]
[Result "1-0"]
[WhiteElo "2541"]
[BlackElo "2473"]
[EventDate "2000.06.03"]
[PlyCount "127"]

1.e4 e5 2.Nf3 Nc6 3.Bc4 Bc5 4.b4 Bxb4 5.c3 Ba5 6.d4 d6 7.Qb3 Qd7 8.dxe5 
Bb6 9.Nbd2 Nh6 10.O-O O-O 11.exd6 Qxd6 12.Bd5 Qg6 13.Nc4 Bh3 14.Ng5 Bd7 
15.a4 Rab8 16.Nxb6 axb6 17.f4 Ne7 18.Bc4 Nc6 19.Qc2 Rbd8 20.Ba3 Rfe8 21.
Rad1 Na5 22.Bd5 Kh8 23.Bc1 b5 24.axb5 Qb6+ 25.Kh1 f6 26.Nf7+ Nxf7 27.Bxf7 
Rf8 28.Bd5 Bxb5 29.c4 Rxd5 30.exd5 Bxc4 31.Ba3 Ra8 32.Rfe1 Bb3 33.Qe4 h6 
34.Rc1 Nc4 35.Be7 Nd6 36.Qb1 Nc8 37.Bc5 Qb5 38.Qg6 Nd6 39.Re7 Rg8 40.Bd4 
Ne8 41.Rce1 Qxd5 42.Ba1 Ba4 43.h3 c5 44.Kh2 Qd2 45.R1e3 Bc6 46.Bc3 Qd6 47.
Qf5 Nc7 48.Rf7 Nd5 49.Re6 Qxf4+ 50.Qxf4 Nxf4 51.Rexf6 gxf6 52.Bxf6+ Rg7 
53.Rxg7 Nh5 54.Rxb7+ Nxf6 55.Rb6 Be4 56.Rxf6 Kg7 57.Re6 Bd3 58.Rc6 c4 59.
Kg3 Kh7 60.Kh4 Be2 61.g4 Bf1 62.Kh5 Bxh3 63.Rc7+ Kg8 64.Kxh6 1-0

[Event "zonal 1.6"]
[Site "Samara RUS"]
[Date "2000.06.23"]
[Round "7"]
[White "Burmakin, Vladimir"]
[Black "Riazantsev, Alexander"]
[Result "1-0"]
[WhiteElo "2567"]
[BlackElo "2442"]
[EventDate "2000.06.03"]
[PlyCount "105"]

1.Nf3 d5 2.d4 c6 3.c4 Nf6 4.Qb3 dxc4 5.Qxc4 Bf5 6.g3 Nbd7 7.Bg2 e6 8.O-O 
Be7 9.Nc3 O-O 10.e3 Ne4 11.Rd1 Nxc3 12.bxc3 Be4 13.Qb3 Qc7 14.Ne1 Bxg2 15.
Nxg2 c5 16.e4 b6 17.Ne3 cxd4 18.cxd4 Qb7 19.e5 Rfd8 20.Bb2 Rac8 21.Rac1 
Nf8 22.Rxc8 Rxc8 23.d5 exd5 24.Qxd5 Qxd5 25.Nxd5 Bc5 26.Kf1 Ng6 27.f4 Kf8 
28.Ke2 Rd8 29.Kf3 Ne7 30.Ke4 g6 31.g4 Nxd5 32.Rxd5 Ke7 33.Rxd8 Kxd8 34.Kd5
Kd7 35.f5 gxf5 36.gxf5 Bg1 37.h3 Bc5 38.Bc3 Bf2 39.Bb4 Be3 40.Bd6 Bf2 41.
e6+ fxe6+ 42.fxe6+ Ke8 43.Kc6 h5 44.Bb8 a6 45.Ba7 Ke7 46.Bxb6 Be1 47.Kd5 
Bd2 48.Ke5 Bc1 49.Bc5+ Ke8 50.Kf5 Bd2 51.Kg6 h4 52.Bf2 Ke7 53.Kf5 1-0